| 000 | 01942cam a22005294i 4500 | ||
|---|---|---|---|
| 003 | PE-LiUPU | ||
| 005 | 20250731180157.0 | ||
| 008 | 150616s r 000 0 d | ||
| 020 | _a8420007986 | ||
| 035 | _a(Sirsi) i9788420007984 | ||
| 040 |
_aPE-LiUPU _bspa _cPE-LiUPU _erda |
||
| 049 | _aPRUA | ||
| 082 | 0 | 4 |
_a574.19285 _bH71 _221 |
| 100 | 1 |
_aHolme, David J., _eautor. |
|
| 245 | 1 | 0 |
_aResolución de Problemas de Bioquímica Analítica / _cDavid J. Holme y Hazel Peck ; traducido por Laura Ruberte Sánchez. |
| 264 | 1 |
_aZaragoza, España : _bEditorial Acribia, S.A., _c1994. |
|
| 300 |
_a162 páginas : _bilustraciones ; _c24 centímetros |
||
| 336 |
_atext _2rdacontent |
||
| 337 |
_aunmediated _2rdamedia |
||
| 338 |
_avolume _2rdacarrier |
||
| 505 | 0 | _aEvaluaciónde métodos cuantitativos.- Espectroscopía molecular.- Electroscopía atómica.- Cromatografía gas-líquido.- Cromatografía líquida de alta eficacia.- Separaciones iónicas.- Radioisótopos.- Análisis enzimático.- Análisis de flujo automático.- Respuestas. | |
| 526 | _aSEG44 | ||
| 526 | _aSEG26 | ||
| 526 | _aP159 | ||
| 526 | _aP155 | ||
| 526 | _aP154 | ||
| 526 | _aP153 | ||
| 526 | _aP150 | ||
| 526 | _aP100 | ||
| 526 | _aP31 | ||
| 526 | _aP30 | ||
| 526 | _aP26 | ||
| 526 | _aP25 | ||
| 526 | _aP24 | ||
| 526 | _aP22 | ||
| 526 | _aP15 | ||
| 526 | _aP10 | ||
| 650 | 0 | 4 |
_aBioquímica _vProblemas. |
| 700 | 1 |
_aPeck, Hazel, _eautor. |
|
| 910 |
_ajck _bjvq _cjck |
||
| 942 |
_2ddc _cBOOK |
||
| 949 |
_a574.19285 H71 _wDEWEY _c1 _i43238 _lCCODEBUL1 _mBUL _r0 _sY _tBOOK _u2015-6-16 _xINGENIERIA _zUNKNOWN _0COMPRA _o.STAFF. Colección General |
||
| 994 |
_aC0 _bPEPRU |
||
| 596 | _a1 | ||
| 999 |
_a574.19285 H71 _wDEWEY _c61202 _i43238 _d61202 _f2021-11-5 _g7 _lCCODEBUL1 _mBUL _q2 _r0 _sN _tBOOK _u2015-6-16 _xBIBLIOTECA _zUNKNOWN _0COMPRA _o.STAFF. Colección General |
||
| 980 |
_81 _gALBERTO SANCHEZ Responsable de Automatización |
||